000 02044nam a22002177a 4500
008 250616b |||||||| |||| 00| 0 eng d
020 _a9781835410028
040 _ctbs
041 _aeng
100 _aThorne, Jennifer
_d1980-
_925445
_eauthor
245 _aDiavola
_c/ Jennifer Thorne.
260 _aLondon :
_bTitan Books,
_c2024.
300 _a325 pages :
_c20 cm.
520 _aWhite Lotus meets Hereditary in this uproarious and unsettling dissection of a dysfunctional family and their ghosts, both literal and metaphorical. Perfect for fans of Grady Hendrix and Ronald Malfi Anna only has one rule for the annual Pace family vacations: tread lightly, and survive. It isn't easy when she's the only who doesn't seem to fit in. Her twin brother Benny goes with the flow so much he's practically dissolved, and her high-strung older sister Nicole is so used to everyone-including her blandly docile husband and two young daughters-falling in line that Anna often ends up chastised for simply asking a question. Her Mom is baffled by Anna's life choices (why waste her artistic talent at an ad agency?), and her Dad-well, he just wants a little peace and quiet. The gorgeous villa outside a remote Tuscan town seems like the perfect place to endure so much family time-not to mention Benny's demanding new boyfriend, Christopher. If her family becomes too much to handle, then at least Anna can wander off to a wine tasting or lose herself in an art gallery. That is, until strange things start to happen-strange noises at night, food rotting within hours, dreams that feel more like memories. Then, the unsettling warnings from the locals: don't open the tower door. But Anna does open it. And what she releases threatens to devour her family-that is, if her family doesn't tear itself apart first.
650 0 _aFamilies
_vFiction
_922172
650 0 _aVacations
_vFiction
_925446
650 0 _aHaunted houses
_vFiction
_925447
650 0 _aInterpersonal relations
_vFiction
_924021
655 0 _aParanormal fiction
_922925
942 _2lcc
999 _c4741
_d4741